[Event "FRA-ch U18"]
[Site "Hyeres"]
[Date "2019.04.19"]
[Round "7"]
[White "Brault, Gabriel"]
[Black "Pham, Arthur"]
[Result "1/2-1/2"]
[WhiteElo "1884"]
[BlackElo "2099"]
[PlyCount "67"]
[EventDate "2019.04.14"]
[EventType "swiss"]
[EventRounds "9"]
[EventCountry "FRA"]
[SourceTitle "CBM 190 Extra"]
[Source "ChessBase"]
[SourceDate "2019.07.15"]
[SourceVersion "1"]
[SourceVersionDate "2019.07.15"]
[SourceQuality "1"]

1. e4 c5 2. Be2 Nc6 3. f4 g6 4. Nf3 Bg7 5. c3 d5 6. d3 e6 7. 0-0 Nge7 8. Be3 d4 9. Bf2 e5 10. cxd4 exf4 11. dxc5 Bxb2 12. Nbd2 0-0 13. Rb1 Bg7 14. Qa4 Qd7 15. Kh1 Rd8 16. Nb3 Qe6 17. Ng5 Qf6 18. Nf3 g5 19. d4 g4 20. Ne1 Qh6 21. g3 f5 22. d5 fxe4 23. dxc6 e3 24. c7 Rf8 25. Bxe3 fxe3 26. Rxf8+ Bxf8 27. Bxg4 Qg6 28. Bxc8 Qxb1 29. Be6+ Kh8 30. Qd4+ Bg7 31. Qd8+ Bf8 32. Qd4+ Bg7 33. Qd8+ Bf8 34. Qd4+ 1/2-1/2

[Event "FRA-ch U18"]
[Site "Hyeres"]
[Date "2019.04.15"]
[Round "2"]
[White "Brault, Gabriel"]
[Black "Gao, Etienne"]
[Result "0-1"]
[WhiteElo "1884"]
[BlackElo "2286"]
[PlyCount "80"]
[EventDate "2019.04.14"]
[EventType "swiss"]
[EventRounds "9"]
[EventCountry "FRA"]
[SourceTitle "CBM 190 Extra"]
[Source "ChessBase"]
[SourceDate "2019.07.15"]
[SourceVersion "1"]
[SourceVersionDate "2019.07.15"]
[SourceQuality "1"]

1. e4 c5 2. Be2 Nc6 3. f4 e6 4. Nf3 d5 5. d3 Nge7 6. 0-0 g6 7. c3 Bg7 8. e5 0-0 9. d4 cxd4 10. cxd4 a6 11. Nc3 b5 12. Rb1 Na5 13. b3 Rb8 14. Ne1 Qc7 15. Bb2 Qa7 16. g4 f6 17. Kg2 Bd7 18. a3 fxe5 19. fxe5 Rxf1 20. Bxf1 Rf8 21. Nf3 Nec6 22. Ne2 Be8 23. h4 Qe7 24. Qd3 Nd8 25. Bc3 Ndc6 26. Bb2 b4 27. a4 Qf7 28. Kg3 Nxb3 29. Qxb3 Na5 30. Qd3 Bxa4 31. Bg2 Bb5 32. Qd2 Nc4 33. Qxb4 Ne3 34. Qc3 Nxg2 35. Neg1 Nf4 36. Ba3 g5 37. Bxf8 gxh4+ 38. Nxh4 Bxf8 39. Qf3 Bh6 40. Rd1 Qc7 0-1

[Event "Angers op 13th"]
[Site "Angers"]
[Date "2018.05.11"]
[Round "1"]
[White "Harutyunyan, Safar"]
[Black "Brault, Gabriel"]
[Result "1-0"]
[WhiteElo "2119"]
[BlackElo "1842"]
[PlyCount "93"]
[EventDate "2018.05.11"]
[EventType "swiss"]
[EventRounds "6"]
[EventCountry "FRA"]
[SourceTitle "CBM 184 Extra"]
[Source "ChessBase"]
[SourceDate "2018.06.28"]
[SourceVersion "1"]
[SourceVersionDate "2018.06.28"]
[SourceQuality "1"]

1. e4 d5 2. exd5 Qxd5 3. Nc3 Qa5 4. Nf3 Nf6 5. Bc4 Bg4 6. h3 Bxf3 7. Qxf3 c6 8. d4 e6 9. Bd2 Qc7 10. 0-0-0 Nbd7 11. g4 Nb6 12. Bd3 Nbd5 13. Rhe1 Nxc3 14. Bxc3 Nd5 15. Bd2 Bd6 16. c4 Nf4 17. Bc2 Ng6 18. Kb1 0-0-0 19. Re4 Rhf8 20. c5 Be7 21. Qc3 Qb8 22. f4 Rd7 23. f5 exf5 24. gxf5 Nh4 25. Bf4 Qa8 26. Re2 b5 27. Rde1 Qb7 28. d5 Bf6 29. dxc6 Qxc6 30. Be4 b4 31. Qxb4 Qb7 32. Qxb7+ Rxb7 33. Bxb7+ Kxb7 34. Re8 Rxe8 35. Rxe8 Nxf5 36. b4 Nd4 37. a4 Ne6 38. Bd6 Bd8 39. Kc2 a6 40. Kd3 Kc6 41. Rh8 h6 42. Kc4 Bc7 43. Bxc7 Kxc7 44. b5 axb5+ 45. axb5 f5 46. b6+ Kb7 47. Re8 1-0

[Event "Ille et Vilaine-ch 1112"]
[Site "Ile et Vilaine"]
[Date "2012.10.??"]
[Round "7.22"]
[White "Le Cabellec, Loic"]
[Black "Brault, Gabriel"]
[Result "0-1"]
[WhiteElo "1758"]
[BlackElo "1390"]
[PlyCount "148"]
[EventDate "2012.10.??"]
[EventType "swiss"]
[EventRounds "7"]
[EventCountry "FRA"]
[SourceTitle "EXT 2014"]
[Source "ChessBase"]
[SourceDate "2013.11.20"]
[SourceVersion "1"]
[SourceVersionDate "2013.11.20"]
[SourceQuality "1"]

1. d4 Nf6 2. e3 g6 3. Bd3 Bg7 4. h3 0-0 5. c3 d6 6. Nf3 Nc6 7. 0-0 e5 8. e4 Bd7 9. d5 Ne7 10. Be3 c6 11. c4 Qc7 12. Nc3 c5 13. Qc1 Nh5 14. g4 Nf6 15. Nh2 h5 16. Bh6 hxg4 17. h4 Kh7 18. Bxg7 Kxg7 19. f4 Rh8 20. f5 Rh5 21. Be2 Rxh4 22. Bxg4 Nxg4 23. Qg5 Rh5 24. Qxg4 Rah8 25. Nf3 Ng8 26. Kf2 Nf6 27. Qg2 Qd8 28. Rh1 Rxh1 29. Rxh1 Rxh1 30. Qxh1 gxf5 31. exf5 Bxf5 32. Ne2 Qh8 33. Qxh8+ Kxh8 34. Nc3 Ne4+ 35. Nxe4 Bxe4 36. Ng5 Bg6 37. Ke3 Kg7 38. a3 Kf6 39. Nf3 Kf5 40. b4 cxb4 41. axb4 b6 42. b5 e4 43. Nd4+ Kg4 44. Ne2 f5 45. Nf4 Be8 46. Ne6 Bd7 47. Nf4 Bc8 48. Ne6 a6 49. bxa6 Bxa6 50. Kd4 f4 51. Kxe4 f3 52. Ke3 Kg3 53. Nf4 f2 54. Ne2+ Kg2 55. Nf4+ Kf1 56. Kd3 Ke1 57. Ng2+ Kd1 58. Ne3+ Kc1 59. Kc3 Bc8 60. Kd3 Kb2 61. Ke2 Kb3 62. Kxf2 Ba6 63. Ke2 Bxc4+ 64. Kd2 Kb4 65. Kc2 Kc5 66. Kc3 Bxd5 67. Nc2 Bf7 68. Nb4 Bc4 69. Nc2 d5 70. Nd4 b5 71. Ne6+ Kb6 72. Nd4 Ka5 73. Nc6+ Ka4 74. Nb4 d4+ 0-1

[Event "Ille et Vilaine-ch 1112"]
[Site "Ile et Vilaine"]
[Date "2012.03.03"]
[Round "6.22"]
[White "Brault, Gabriel"]
[Black "Charpentier, Bruno"]
[Result "0-1"]
[WhiteElo "1390"]
[BlackElo "1472"]
[PlyCount "80"]
[EventDate "2012.10.??"]
[EventType "swiss"]
[EventRounds "7"]
[EventCountry "FRA"]
[SourceTitle "EXT 2014"]
[Source "ChessBase"]
[SourceDate "2013.11.20"]
[SourceVersion "1"]
[SourceVersionDate "2013.11.20"]
[SourceQuality "1"]

1. e4 e5 2. Nf3 Nc6 3. Bc4 Nf6 4. Ng5 Bc5 5. Nxf7 Bxf2+ 6. Kxf2 Nxe4+ 7. Ke3 Qh4 8. Qf3 Ng5 9. Nxg5 Qxg5+ 10. Ke2 Nd4+ 11. Kf2 Nxf3 12. d3 Qf5 13. gxf3 c6 14. Rg1 d5 15. Bb3 Rf8 16. Nd2 Be6 17. c3 g5 18. Ke3 0-0-0 19. Bd1 Qf4+ 20. Kf2 Qxh2+ 21. Rg2 Qh4+ 22. Ke3 c5 23. Bc2 d4+ 24. Ke2 h6 25. c4 Rf7 26. Rf2 b6 27. a4 Bd7 28. b3 Bc6 29. a5 g4 30. axb6 gxf3+ 31. Ke1 Qh1+ 32. Nf1 axb6 33. Ra6 Kc7 34. Ra7+ Bb7 35. Kd2 Qg1 36. Ke1 Kb8 37. Ra1 Re8 38. Bd1 h5 39. Raa2 e4 40. dxe4 Rxe4+ 0-1

[Event "Ille et Vilaine-ch 1112"]
[Site "Ile et Vilaine"]
[Date "2011.11.05"]
[Round "2.21"]
[White "Colleter, Christian"]
[Black "Brault, Gabriel"]
[Result "1-0"]
[WhiteElo "1499"]
[BlackElo "1420"]
[PlyCount "93"]
[EventDate "2012.10.??"]
[EventType "swiss"]
[EventRounds "7"]
[EventCountry "FRA"]
[SourceTitle "EXT 2014"]
[Source "ChessBase"]
[SourceDate "2013.11.20"]
[SourceVersion "1"]
[SourceVersionDate "2013.11.20"]
[SourceQuality "1"]

1. e4 e6 2. d4 d5 3. Nd2 c5 4. Ngf3 Nc6 5. c3 Bd7 6. e5 Qb6 7. Nb3 0-0-0 8. Qc2 f6 9. Bf4 Nge7 10. Nxc5 Ng6 11. Nxd7 Rxd7 12. Be3 Qc7 13. exf6 gxf6 14. 0-0-0 e5 15. dxe5 fxe5 16. g3 Bg7 17. Bh3 Rf8 18. Ng5 Rf6 19. Nxh7 Rfd6 20. Ng5 Kb8 21. Bxd7 Qxd7 22. Rd2 d4 23. Rhd1 Nge7 24. cxd4 Nxd4 25. Bxd4 exd4 26. Qe4 Qc7+ 27. Kb1 Qd7 28. h4 Nc6 29. Re1 a6 30. Qe8+ Ka7 31. Qxd7 Rxd7 32. Re4 Bh6 33. Rd3 Kb6 34. Re6 Bg7 35. a3 Kc7 36. h5 Rd8 37. h6 Bh8 38. Nf7 Rf8 39. Nxh8 Rxh8 40. g4 Kd7 41. Rg6 Ke7 42. Rh3 Ne5 43. Rg7+ Nf7 44. g5 Ke6 45. h7 b5 46. Rg8 Ke7 47. g6 1-0

[Event "Ille et Vilaine-ch 1112"]
[Site "Ile et Vilaine"]
[Date "2011.10.08"]
[Round "1.18"]
[White "Brault, Gabriel"]
[Black "Forget, Guillaume"]
[Result "1/2-1/2"]
[WhiteElo "1420"]
[BlackElo "1499"]
[PlyCount "100"]
[EventDate "2012.10.??"]
[EventType "swiss"]
[EventRounds "7"]
[EventCountry "FRA"]
[SourceTitle "EXT 2014"]
[Source "ChessBase"]
[SourceDate "2013.11.20"]
[SourceVersion "1"]
[SourceVersionDate "2013.11.20"]
[SourceQuality "1"]

1. e4 e6 2. d4 d5 3. e5 c5 4. c3 Nc6 5. Nf3 Qb6 6. a3 Nh6 7. Bd3 Bd7 8. Bc2 Nf5 9. 0-0 cxd4 10. cxd4 Ncxd4 11. Nxd4 Nxd4 12. Be3 Bc5 13. b4 Nxc2 14. Bxc5 Qc7 15. Bd6 Qc6 16. Ra2 Rc8 17. Bc5 b6 18. Rxc2 bxc5 19. Rxc5 Qb7 20. Qc2 0-0 21. Rc1 Rxc5 22. bxc5 Rc8 23. Nd2 Bc6 24. Nf3 h6 25. h3 Rd8 26. Qd3 d4 27. Rc4 Bb5 28. Qb3 d3 29. Rc1 a6 30. a4 d2 31. Rd1 Rd3 32. Qb2 Bc6 33. Qxb7 Bxb7 34. Rxd2 Rxd2 35. Nxd2 a5 36. Nc4 Bc6 37. Nxa5 Bxa4 38. Kf1 Kf8 39. Ke1 Ke7 40. Kd2 Kd7 41. Kc3 Kc7 42. Kb4 Bd7 43. Nc4 Kc6 44. f4 f6 45. g4 fxe5 46. Nxe5+ Kc7 47. g5 h5 48. Kc4 Be8 49. Kd4 g6 50. c6 Kd6 1/2-1/2